[Event "Schachfestival GM 2018"]
[Site "Lueneburg"]
[Date "2018.07.10"]
[Round "6"]
[White "Reuker, Jari"]
[Black "Karpatchev, Aleksandr"]
[Result "1-0"]
[WhiteElo "2377"]
[BlackElo "2469"]
[Annotator "TA"]
[PlyCount "115"]
[EventDate "2018.07.05"]
[EventType "tourn"]
[EventCountry "GER"]
[SourceTitle "playchess.com"]
[Source "ChessBase"]
[SourceQuality "1"]

{[%evp 9,115,2,4,-51,-62,-68,-63,-64,-60,-74,-58,-49,-33,-60,-31,-42,-32,-36,-9,-9,-9,-12,-7,-8,-9,-14,0,-10,-8,-13,-2,-16,-16,-61,-56,-43,-14,-13,0,-74,-25,-13,-13,-13,-13,-14,-14,-19,0,0,0,0,0,5,140,140,140,140,140,140,140,140,140,130,164,148,196,199,201,194,190,180,301,307,293,292,270,205,257,248,312,304,293,249,266,331,485,470,323,12,14,64,144,170,189,82,88,0,0,0,9,27,92,45,1393,1338,29992,29993]} 1. Nf3 d5 2. c4 d4 3. b4 Nf6 4. e3 c5 5. exd4 cxd4 6. g3 $146 {A09: Réti Opening: 1 Nf3 d5 2 c4} (6. Bb2 $11) ({Predecessor:} 6. d3 e5 7. a3 a5 8. Nxe5 axb4 9. Qe2 Be7 10. g3 O-O 11. Bg2 Re8 12. O-O {0-1 (35) Mareco,S (2635)-Vidit,S (2689) Doha 2016}) 6... e5 $15 7. Bg2 e4 8. Ng5 {Black is slightly better.} Bxb4 9. Nxe4 O-O 10. O-O Nxe4 11. Bxe4 Nd7 12. d3 Nc5 13. Bd2 Bxd2 (13... a5 {with more complications.} 14. Bxb4 axb4 15. Nd2 Nxe4 16. Nxe4 f5) 14. Nxd2 Nxe4 15. Nxe4 f5 {[%cal Bf7f5,Bf5f4][%mdl 32]} 16. Nd2 f4 17. Re1 Qf6 18. Ne4 Qg6 19. Rb1 b6 20. Rb5 fxg3 21. hxg3 Bg4 22. Qd2 h6 23. f4 Rae8 24. Kh2 (24. Rd5 $11 {remains equal.}) 24... Rf5 25. Rxf5 $1 Bxf5 26. Qe2 Kh8 27. Kg2 Bg4 28. Qf2 Qh5 29. Rh1 $36 {[%mdl 2048] White has some pressure.} Qa5 {[#]} 30. Rxh6+ $1 {[%mdl 512]} gxh6 31. Qxd4+ Kh7 (31... Kg8 $11 {keeps the balance.} 32. Nf6+ Kf7 33. Nxg4 Qxa2+ 34. Kh3 Qe2 35. Qf6+ (35. Nxh6+ Kg6 $15) 35... Kg8 36. Qg6+ (36. Nxh6+ Kh7 $11) (36. Qxh6 Qf1+ 37. Kh4 Qh1+ 38. Kg5 Qxh6+ 39. Nxh6+ Kf8 $19) 36... Kf8 37. Qf6+ (37. Qxh6+ Ke7 $16) (37. Nxh6 $2 Qe6+ 38. Qf5+ Qxf5+ 39. Nxf5 a5 $19) 37... Kg8) 32. Nf6+ $16 Kg6 {( -> ...Re2+)} 33. Nxg4 {[%mdl 4096] Endgame Intending Qf6+ and mate. KQR-KQN} Qf5 34. Qd6+ Qe6 35. Ne5+ Kh7 36. Qd4 Qf6 37. Qe4+ Kg7 38. d4 {[%cal Bd3d4,Bd4d5][%mdl 32]} Re7 39. d5 Qd6 40. a4 ({Don't do} 40. Qf5 b5 $16) 40... a5 (40... Kg8 {was worth a try.} 41. Qd3 Rg7) 41. Qf5 Qf6 42. Qg4+ Kh7 43. Qh5 Rg7 {Hoping for ...Qxf4.} 44. Kf3 Qf8 45. Ng4 Rg6 46. Ne3 Qa3 47. Qe5 $1 Qxa4 (47... Qf8 {might work better.} 48. g4 Qd6) 48. f5 $18 Rg8 {intending ...Qe8.} 49. Qc7+ $2 (49. Qe7+ $1 $18 Rg7 50. Qe4) 49... Rg7 $11 50. Qxb6 {Black must now prevent Qe6.} Qa1 (50... Qe8 $1 $14) 51. Qe6 $1 $16 {aiming for f6.} Qh1+ {[#]} 52. Kf4 $1 {Threatens to win with f6.} Qh2 {[#]} 53. f6 (53. d6 $1 $16) 53... Rxg3 $11 54. Qf5+ Rg6+ 55. Ke4 Qh1+ (55... Qh4+ $11 56. Ke5 Qg3+ 57. Kd4 Qh4+ 58. Kc5 (58. Ke5 a4 $11) 58... Qxf6 59. Qxf6 Rxf6) 56. Ke5 {[%mdl 1024] White has strong compensation.} Qh2+ $2 {[%mdl 8192]} (56... Qe1 $14 57. Qf4 Rg3 58. Qe4+ Kg8) 57. Ke6 $18 Qe2 58. Kf7 {Precision: White = 76%, Black = 47%.} 1-0

[Event "Schachfestival GM 2018"]
[Site "Lueneburg"]
[Date "2018.07.10"]
[Round "6"]
[White "Winterberg, Lukas"]
[Black "Ewert, Hannes"]
[Result "1/2-1/2"]
[WhiteElo "2372"]
[BlackElo "2318"]
[Annotator "NA"]
[PlyCount "75"]
[EventDate "2018.07.05"]
[EventType "tourn"]
[EventCountry "GER"]
[SourceTitle "playchess.com"]
[Source "ChessBase"]
[SourceQuality "1"]
[TimeControl "40/5400+30:1800+30"]

1. d4 {[%emt 0:00:00]} Nf6 {[%emt 0:00:00]} 2. c4 {[%emt 0:00:00]} e6 {[%emt 0:00:10]} 3. Nf3 {[%emt 0:00:00]} b6 {[%emt 0:00:11]} 4. a3 {[%emt 0:00:57]} Bb7 {[%emt 0:00:50]} 5. Nc3 {[%emt 0:00:12]} d5 {[%emt 0:00:21]} 6. cxd5 {[%emt 0:00:18]} Nxd5 {[%emt 0:00:06]} 7. Qc2 {[%emt 0:00:37]} Nxc3 {[%emt 0:00:32]} 8. Qxc3 {[%emt 0:02:57]} Nd7 {[%emt 0:02:29]} 9. Bg5 {[%emt 0:01:43]} Qc8 {[%emt 0:01:38]} 10. g3 {[%emt 0:03:58]} Bd6 {[%emt 0:01:50]} 11. Bg2 {[%emt 0:02:10]} O-O {[%emt 0:02:55]} 12. O-O {[%emt 0:00:13]} h6 {[%emt 0:04:47]} 13. Bf4 {[%emt 0:01:44]} Bxf4 {[%emt 0:01:57]} 14. gxf4 {[%emt 0:00:03]} c5 {[%emt 0:01:04]} 15. Rac1 {[%emt 0:04:05]} Rd8 {[%emt 0:06:42]} 16. Qe3 {[%emt 0:05:50]} Qb8 {[%emt 0:08:03]} 17. dxc5 {[%emt 0:10:00]} bxc5 {[%emt 0:00:08]} 18. Rfd1 {[%emt 0:01:53]} Bd5 {[%emt 0:02:04]} 19. Rd2 {[%emt 0:02:31]} Qb7 {[%emt 0:03:23]} 20. Rcd1 {[%emt 0:07:30]} Nf6 {[%emt 0:04:17]} 21. Ne5 {[%emt 0:01:04]} Rdc8 {[%emt 0:02:28]} 22. Qg3 {[%emt 0:11:28]} Rab8 {[%emt 0:04:53]} 23. Ng4 {[%emt 0:10:34]} Nxg4 {[%emt 0:02:52]} 24. Qxg4 {[%emt 0:01:52]} Bxg2 {[%emt 0:01:30]} 25. Qxg2 {[%emt 0:00:03]} Qxg2+ {[%emt 0:01:14]} 26. Kxg2 {[%emt 0:00:02]} Rc7 {[%emt 0:00:54]} 27. e3 {[%emt 0:02:35]} Rb3 {[%emt 0:08:07]} 28. Rd8+ {[%emt 0:01:08]} Kh7 {[%emt 0:00:18]} 29. R1d7 {[%emt 0:01:44]} Rxd7 {[%emt 0:02:52]} 30. Rxd7 {[%emt 0:00:03]} Kg6 {[%emt 0:00:06]} 31. Rc7 {[%emt 0:01:29]} Rxb2 {[%emt 0:01:19]} 32. Rxc5 {[%emt 0:00:03]} Rb6 {[%emt 0:01:16]} 33. a4 {[%emt 0:07:51]} Kf6 {[%emt 0:04:50]} 34. Kf3 {[%emt 0:07:09]} Ra6 {[%emt 0:11:45]} 35. a5 {[%emt 0:00:57]} Rd6 {[%emt 0:00:44]} 36. Rc7 {[%emt 0:05:30]} Ra6 {[%emt 0:00:13]} 37. Rc5 {[%emt 0:00:07]} Rd6 {[%emt 0:00:03]} 38. Rc7 {Ke5 Ke4+} 1/2-1/2

[Event "Schachfestival GM 2018"]
[Site "Lueneburg"]
[Date "2018.07.11"]
[Round "7"]
[White "Karpatchev, Aleksandr"]
[Black "Vorobiov, Evgeny"]
[Result "1/2-1/2"]
[WhiteElo "2469"]
[BlackElo "2564"]
[Annotator "TA"]
[PlyCount "41"]
[EventDate "2018.07.05"]
[EventType "tourn"]
[EventCountry "GER"]
[SourceTitle "playchess.com"]
[Source "ChessBase"]
[SourceQuality "1"]

{[%evp 28,29,21,14]} 1. e4 c5 2. c3 Nf6 3. e5 Nd5 4. Nf3 Nc6 5. Bc4 Nb6 6. Bb3 c4 7. Bc2 d5 8. exd6 Qxd6 9. O-O g6 10. b3 Bg7 11. Na3 cxb3 12. axb3 O-O {B22: Sizilianisch (Alapin 2.c3)} 13. d4 (13. Nc4 Nxc4 14. bxc4 Be6 15. Qe2 Qc5 16. Ra4 Na5 17. d4 Qc7 18. Bd3 Rac8 19. Bf4 Qxf4 20. Rxa5 {½-½ (31) Piorun,K (2633)-Wojtaszek,R (2750) Warsaw 2018}) 13... Bg4 14. h3 Bxf3 15. Qxf3 {[#] LiveBook: 13 Partien} {Vorgänger:} Nd5 $146 16. Re1 Nxc3 17. Nc4 Qxd4 18. Bb2 Qf6 19. Qg3 b5 20. Re3 bxc4 21. Bxc3 {½-½ (44) Feuerstack,A (2438)-Georgiev,K (2623) Katowice 2017} 1/2-1/2

[Event "Schachfestival GM 2018"]
[Site "Lueneburg"]
[Date "2018.07.11"]
[Round "7"]
[White "Wachinger, Nikolas"]
[Black "Winterberg, Lukas"]
[Result "0-1"]
[WhiteElo "2340"]
[BlackElo "2372"]
[Annotator "NA"]
[PlyCount "54"]
[EventDate "2018.07.05"]
[EventType "tourn"]
[EventCountry "GER"]
[SourceTitle "playchess.com"]
[Source "ChessBase"]
[SourceQuality "1"]
[TimeControl "40/5400+30:1800+30"]

1. e4 {[%emt 0:00:00]} c6 {[%emt 0:00:14]} 2. d4 {[%emt 0:00:00]} d5 {[%emt 0:00:13]} 3. e5 {[%emt 0:00:13]} c5 {[%emt 0:00:45]} 4. dxc5 {[%emt 0:00:31]} e6 {[%emt 0:00:21]} 5. a3 {[%emt 0:01:37]} Bxc5 {[%emt 0:00:13]} 6. b4 {[%emt 0:00:15]} Bb6 {[%emt 0:00:09]} 7. Qg4 {[%emt 0:01:06]} Ne7 {[%emt 0:03:36]} 8. Qxg7 {[%emt 0:00:25]} Rg8 {[%emt 0:00:12]} 9. Qxh7 {[%emt 0:00:08]} Bd4 {[%emt 0:00:16]} 10. Ra2 {[%emt 0:00:08]} Bxe5 {[%emt 0:00:11]} 11. Nf3 {[%emt 0:00:32]} Bf6 {[%emt 0:00:12]} 12. Bb2 {[%emt 0:27:27]} Bxb2 {[%emt 0:14:01]} 13. Rxb2 {[%emt 0:00:11]} Qc7 {[%emt 0:14:32]} 14. c4 {[%emt 0:14:36]} a5 {[%emt 0:08:59]} 15. Rc2 {[%emt 0:17:24]} Nbc6 {[%emt 0:03:41]} 16. b5 {[%emt 0:17:26]} Ne5 {[%emt 0:00:21]} 17. cxd5 {[%emt 0:02:25]} Nxf3+ {[%emt 0:00:48]} 18. gxf3 {[%emt 0:00:01]} Qe5+ {[%emt 0:02:11]} 19. Qe4 {[%emt 0:00:20]} Qa1 {[%emt 0:01:53]} 20. Rd2 {[%emt 0:00:37]} exd5 {[%emt 0:08:14]} 21. Rxd5 {[%emt 0:01:57]} f5 {[%emt 0:05:12]} 22. Qe5 {[%emt 0:03:21]} Qxb1+ {[%emt 0:00:25]} 23. Rd1 {[%emt 0:00:02]} Qb3 {[%emt 0:01:01]} 24. b6 {[%emt 0:01:37]} Qe6 {[%emt 0:04:37]} 25. Bb5+ {[%emt 0:00:22]} Kf7 {[%emt 0:00:30]} 26. f4 {[%emt 0:00:16]} Nc6 {[%emt 0:01:00]} 27. Bxc6 {[%emt 0:00:32]} Qxc6 {[%emt 0:02:03]} 0-1

[Event "Schachfestival GM 2018"]
[Site "Lueneburg"]
[Date "2018.07.12"]
[Round "8"]
[White "Karpatchev, Aleksandr"]
[Black "Ewert, Hannes"]
[Result "1/2-1/2"]
[WhiteElo "2469"]
[BlackElo "2318"]
[Annotator "TA"]
[PlyCount "110"]
[EventDate "2018.07.05"]
[EventType "tourn"]
[EventCountry "GER"]
[SourceTitle "playchess.com"]
[Source "ChessBase"]
[SourceQuality "1"]

{[%evp 18,110,20,0,4,-23,0,0,0,0,0,0,0,0,0,0,0,0,0,0,29,0,0,0,23,19,20,29,73,63,72,82,104,103,94,101,112,101,102,96,91,91,155,79,88,90,90,75,88,89,89,101,152,150,137,0,88,10,98,98,102,104,99,92,108,100,106,107,99,99,111,119,134,136,127,102,236,232,224,233,310,19,16,0,0,0,0,0,0,-29992,-29993,-29998,891,-186,29992]} 1. e4 e5 2. Nf3 Nc6 3. d4 exd4 4. Nxd4 Nf6 {[%cal Bg8f6,Bf6d5,Bd5b6][%mdl 32]} 5. Nxc6 bxc6 6. e5 Qe7 7. Qe2 Nd5 8. c4 Nb6 9. Nc3 Qe6 {C45: Schottische Partie} (9... Bb7 10. Bd2 O-O-O 11. O-O-O Re8 12. Re1 Qb4 13. Kb1 Ba6 14. Nd5 Qa4 15. Nxb6+ axb6 16. g3 f6 17. f4 fxe5 18. fxe5 {0-1 (38) Saric,I (2689)-Almasi,Z (2699) Rio Achaea 2018}) 10. Bd2 {LiveBook: 18 Partien} Be7 11. h4 $146 ({Vorgänger:} 11. Qe4 Bb7 12. f4 d5 13. exd6 Qxe4+ 14. Nxe4 cxd6 15. Bd3 Ba6 16. b3 d5 17. Nf2 dxc4 18. bxc4 Bxc4 19. Bxc4 Nxc4 {½-½ (54) Yeoh,L (2322)-Tin,J (2355) Penang 2014}) 11... d6 {Schwarz hat minimalen Vorteil.} 12. exd6 cxd6 13. O-O-O O-O 14. Bg5 f6 15. Bf4 Rd8 16. Re1 Qxe2 17. Bxe2 {Droht stark Lf3.} Bf8 18. Bf3 Bb7 (18... Bd7 $5 {[%cal Rb6c4]}) 19. Bg4 $36 {[%mdl 2048] Weiss hat Initiative.} Bc8 20. Bf3 Bb7 21. b3 d5 22. cxd5 cxd5 23. Nb5 Bb4 24. Rd1 Rac8+ 25. Kb1 a6 26. Nd4 Re8 27. Nf5 Rc6 28. h5 a5 29. Be3 a4 (29... Ba6 $142) 30. Nd4 (30. Rh4 $142 $1 {[%cal Rh4b4]} Bf8 31. bxa4) 30... Rcc8 $16 31. Nc2 Bc5 32. b4 Bxe3 33. Nxe3 Nc4 34. Nxd5 ({Doch nicht} 34. Bxd5+ $6 Bxd5 35. Nxd5 Re2 $11) 34... Na3+ (34... Kf7 $142) 35. Kb2 $1 {[%cal Rb2a3]} Nc4+ 36. Kb1 ({Weiss kommt nicht vorbei an} 36. Ka1 $1 $16 Kf7 37. h6) 36... Rb8 (36... Na3+ $11 37. Kb2 Nc4+ 38. Ka1 Kf7) 37. Ka1 ({Besser ist} 37. Rh4 $16 Ne5 38. Be2) 37... Kf8 (37... Ne5 $11 {bleibt in der Remisbreite.}) 38. h6 $1 Bxd5 39. hxg7+ Kxg7 40. Rxd5 Rxb4 41. Rd7+ Kf8 {zielt auf ...Sa3 ab.} 42. Rdxh7 Na3 {[%cal Ra3c2]} 43. Rc7 $1 {[%cal Rh1h8]} Re7 44. Rc3 Nb5 45. Rc8+ Kg7 46. Rb8 {Tc1 ist eine echte Drohung.} a3 (46... Re5 $16 47. Rb7+ Kg6) 47. Bd5 $18 {[%csl Gd5][%cal Rb8g8]} f5 48. f4 $1 {Beabsichtigt Tg8+ und Matt.} Kg6 {[#] beabsichtigt ...Sd4.} 49. Rc1 $2 (49. Bc6 $1 $18) 49... Rb2 $1 $11 50. g3 Nc3 51. Rg8+ $1 Kf6 52. Rf8+ $1 Kg6 {( -> ...Tee2)} 53. Bb3 $2 {[%mdl 8192] [#]} (53. Rg8+ $11 Kf6 54. Rf8+ Kg6 55. Rg8+) 53... Ree2 $1 54. Rb8 Nb5 $4 {[%mdl 8192]} (54... Rxa2+ 55. Bxa2 Rxa2#) 55. Bd5 $4 {[%mdl 8192]} (55. Rxb5 $18 {vermeidet das Desaster.} Kh5 56. Bd1) 55... Re8 $4 {[%mdl 40960] Precision: Weiß = 59%, Schwarz = 51%. . An unexpected result.} (55... Nd4 $19 56. Bb3 (56. Rg8+ $2 Kf6 $19) 56... Nc2+ 57. Bxc2 Rxb8) 1/2-1/2

[Event "Schachfestival GM 2018"]
[Site "Lueneburg"]
[Date "2018.07.12"]
[Round "8"]
[White "Lubbe, Nikolas"]
[Black "Drozdowski, Kacper"]
[Result "0-1"]
[WhiteElo "2463"]
[BlackElo "2455"]
[Annotator "TA"]
[PlyCount "88"]
[EventDate "2018.07.05"]
[EventType "tourn"]
[EventCountry "GER"]
[SourceTitle "playchess.com"]
[Source "ChessBase"]
[SourceQuality "1"]

{[%evp 15,88,0,0,0,0,0,0,0,14,-34,-24,-36,-35,-58,-64,-45,-53,-90,-60,-118,-127,-240,-235,-237,-237,-241,-231,-220,-177,-177,-175,-175,-170,-181,-157,-177,-126,-258,-254,-253,-236,-470,-451,-454,-110,-110,-106,-147,-137,-164,-163,-150,-147,-290,-285,-256,-288,-210,-181,-382,-386,-462,-444,-472,-385,-385,-384,-528,-522,-523,-515,-1508,-1416,-1162,-1127]} 1. b3 g6 2. Bb2 Nf6 3. Nf3 Bg7 4. e3 O-O 5. Be2 d5 6. c4 dxc4 7. bxc4 c5 8. O-O Nc6 {LiveBook: 17 Games} 9. d4 {A30: Symmetrical English: Double Fianchetto and Hedgehog} (9. Ne5 Nxe5 10. Bxe5 Bd7 11. Qc2 Bc6 12. d3 Ne8 13. Bc3 Qd7 14. a4 Nc7 15. Bxg7 Kxg7 16. Qb2+ f6 17. d4 cxd4 18. exd4 {1-0 (69) Zhou,J (2613)-Moiseenko,A (2674) China 2017}) 9... Ne4 10. Nbd2 Bf5 11. Nb3 {The position is equal.} cxd4 12. exd4 a5 {[#] Hoping for ...a4.} 13. a4 Nb4 $146 ({Predecessor:} 13... Qb6 14. Bd3 Nb4 {½-½ (47) Okon,D (2200)-Chojnacki,K (2437) Police 2011}) 14. Ra3 b6 15. Qc1 Rc8 16. Rd1 Nd6 17. Ne1 (17. Nbd2 $15) 17... Be6 $17 {[%cal Rd6c4]} 18. d5 (18. c5 $17 Bd5 19. Nf3) 18... Bxb2 $19 19. Qxb2 Nxc4 20. Bxc4 Rxc4 21. d6 Bd5 22. Nd2 Rc6 ({Weaker is} 22... exd6 23. Nxc4 Bxc4 24. Nc2 $11) 23. dxe7 Qxe7 24. Nf1 Rfc8 25. Re3 Qc7 (25... Qf6 $19 26. Qxf6 Rxf6) 26. Qd4 (26. Nd3 $17 Rc4 27. Ne5) 26... Be6 27. Ng3 Nd5 28. Nh5 $2 (28. Ne4) 28... gxh5 29. Rg3+ Bg4 $2 (29... Kf8 $19 {is more deadly.} 30. Qg7+ Ke8) 30. Qxd5 $17 {[#] Threatens to win with h3.} Rg6 31. Rb1 h4 32. Rd3 h3 33. Rg3 Qc4 34. Qd2 (34. Qxc4 $17 {was worth a try.} Rxc4 35. gxh3 Bxh3 36. Rxb6) 34... Qxa4 $19 35. gxh3 Qe4 36. Rbb3 Qe2 $40 {[%mdl 128] Black wants a kill.} 37. Qe3 $2 (37. Qxe2 Bxe2 38. Rxb6) 37... Qxe3 38. fxe3 a4 {[%cal Ba5a4,Ba4a3][%mdl 32]} 39. Rb4 Bd7 40. Rxb6 Ra8 41. Nc2 a3 {Black is clearly winning.} 42. Rd6 Be6 43. Na1 (43. Nb4 $142) 43... Rb8 44. Rd1 Rb2 {Precision: White = 22%, Black = 87%.} 0-1

[Event "Schachfestival GM 2018"]
[Site "Lueneburg"]
[Date "2018.07.12"]
[Round "8"]
[White "Reuker, Jari"]
[Black "Wachinger, Nikolas"]
[Result "1/2-1/2"]
[WhiteElo "2377"]
[BlackElo "2340"]
[Annotator "NA"]
[PlyCount "166"]
[EventDate "2018.07.05"]
[EventType "tourn"]
[EventCountry "GER"]
[SourceTitle "playchess.com"]
[Source "ChessBase"]
[SourceQuality "1"]
[TimeControl "40/5400+30:1800+30"]

1. d4 {[%emt 0:01:55]} Nf6 {[%emt 0:00:00]} 2. c4 {[%emt 0:00:17]} e6 {[%emt 0:00:00]} 3. Nc3 {[%emt 0:00:14]} Bb4 {[%emt 0:00:05]} 4. Qc2 {[%emt 0:00:27]} O-O {[%emt 0:00:17]} 5. a3 {[%emt 0:06:58]} Bxc3+ {[%emt 0:00:54]} 6. Qxc3 {[%emt 0:00:02]} d5 {[%emt 0:00:14]} 7. Bg5 {[%emt 0:00:27]} dxc4 {[%emt 0:00:12] E36: Nimzo-Indian: Classical: 4...d5 5 a3} 8. Qxc4 {[%emt 0:00:04]} b6 {[%emt 0:00:10]} 9. Rd1 {[%emt 0:00:12]} Ba6 {[%emt 0:00:10]} 10. Qa4 {[%emt 0:00:17]} h6 {[%emt 0:00:36]} 11. Bh4 {[%emt 0:00:09]} Qe7 {[%emt 0:00:34]} 12. Nf3 {[%emt 0:00:13]} Rd8 {[%emt 0:00:17]} 13. g4 {[%emt 0:00:52]} (13. e3 Bxf1 14. Rxf1 c5 15. dxc5 Rxd1+ 16. Qxd1 {½-½ (24) Mamedyarov,S (2808)-Nakamura,H (2769) Stavanger 2018}) 13... Bb7 {[%emt 0:00:11]} 14. Bg2 {[%emt 0:09:31] [#]} Nbd7 $146 {[%emt 0:16:44]} ({Predecessor:} 14... c5 15. dxc5 {1-0 (39) Morozevich,A (2692)-Oparin,G (2563) Moscow 2015}) 15. O-O {[%emt 0:10:06]} c5 {[%emt 0:08:55]} 16. h3 {[%emt 0:08:20]} cxd4 {[%emt 0:02:34]} 17. Qxd4 {[%emt 0:14:12]} Nc5 {[%emt 0:05:13]} 18. Qe5 {[%emt 0:04:36]} Rxd1 {[%emt 0:06:29]} 19. Rxd1 {[%emt 0:00:16]} Rd8 {[%emt 0:00:13]} 20. Rd4 {[%emt 0:05:38]} Rxd4 {[%emt 0:04:46]} 21. Qxd4 {[%emt 0:02:34]} Nce4 {[%emt 0:07:58]} 22. g5 {[%emt 0:11:56]} hxg5 {[%emt 0:01:12]} 23. Nxg5 {[%emt 0:00:29]} Nxg5 {[%emt 0:10:30]} 24. Bxg5 {[%emt 0:00:12]} e5 {[%emt 0:00:49]} 25. Qd3 {[%emt 0:02:54]} Bxg2 {[%emt 0:01:02]} 26. Kxg2 {[%emt 0:00:14]} Qb7+ {[%emt 0:01:17]} 27. f3 {[%emt 0:01:40]} Nh5 {[%emt 0:01:42]} 28. Qd6 {[%emt 0:05:29]} e4 {[%emt 0:03:43]} 29. Bd2 {[%emt 0:01:12]} exf3+ {[%emt 0:01:35]} 30. exf3 {[%emt 0:00:02]} Qc8 {[%emt 0:02:11]} 31. Qe5 {[%emt 0:01:45]} Nf6 {[%emt 0:01:18]} 32. Bc3 {[%emt 0:00:43]} Ne8 {[%emt 0:03:54]} 33. h4 {[%emt 0:02:02]} Qd7 {[%emt 0:00:55]} 34. h5 {[%emt 0:01:26]} f6 {[%emt 0:00:22]} 35. Qe4 {[%emt 0:02:37]} Qf7 {[%emt 0:02:05]} 36. Qg4 {[%emt 0:03:37]} f5 {[%emt 0:01:41]} 37. Qg6 {[%emt 0:02:26]} Nc7 {[%emt 0:03:24]} 38. Kg3 {[%emt 0:01:27]} Ne6 {[%emt 0:00:15]} 39. Be5 {[%emt 0:00:51]} Qxg6+ {[%emt 0:04:47]} 40. hxg6 {[%emt 0:00:06]} Kf8 {[%emt 0:00:04]} 41. Kf2 {[%emt 0:03:47]} Ke7 {[%emt 0:01:10]} 42. Ke3 {[%emt 0:03:32]} Kd7 {[%emt 0:00:45]} 43. Kd3 {[%emt 0:03:18]} b5 {[%emt 0:00:17]} 44. Kc3 {[%emt 0:02:08]} a5 {[%emt 0:04:08]} 45. Kb3 {[%emt 0:02:38]} Kc6 {[%emt 0:01:52]} 46. Bc3 {[%emt 0:02:44]} a4+ {[%emt 0:01:10]} 47. Kb4 {[%emt 0:00:31]} Nf4 {[%emt 0:00:16]} 48. Bxg7 {[%emt 0:00:39]} Nxg6 {[%emt 0:00:08]} 49. b3 {[%emt 0:00:30]} axb3 {[%emt 0:00:25]} 50. Kxb3 {[%emt 0:00:08]} Nh4 {[%emt 0:00:23]} 51. f4 {[%emt 0:00:50]} Ng6 {[%emt 0:01:52]} 52. Bh6 {[%emt 0:00:22]} Kc5 {[%emt 0:00:29]} 53. Kc3 {[%emt 0:00:20]} Kd5 {[%emt 0:00:14]} 54. Kb4 {[%emt 0:00:12]} Kc6 {[%emt 0:00:06]} 55. Kc3 {[%emt 0:00:30]} Kc5 {[%emt 0:01:16]} 56. Bg5 {[%emt 0:00:20]} Kd5 {[%emt 0:00:21]} 57. Kb4 {[%emt 0:00:12]} Kc6 {[%emt 0:00:04]} 58. Kc3 {[%emt 0:00:14]} Kc5 {[%emt 0:00:50]} 59. Bh6 {[%emt 0:00:06]} Nh4 {[%emt 0:00:28]} 60. Bf8+ {[%emt 0:00:24]} Kd5 {[%emt 0:00:47]} 61. Kb4 {[%emt 0:00:45]} Kc6 {[%emt 0:00:08]} 62. Kc3 {[%emt 0:01:20]} Nf3 {[%emt 0:00:43]} 63. Be7 {[%emt 0:02:33]} Kd5 {[%emt 0:00:58]} 64. Bf6 {[%emt 0:01:42]} Ng1 {[%emt 0:00:57]} 65. Kb4 {[%emt 0:01:09]} Kc6 {[%emt 0:00:05]} 66. Bd4 {[%emt 0:01:06]} Ne2 {[%emt 0:00:21]} 67. Be5 {[%emt 0:00:53]} Ng3 {[%emt 0:00:13]} 68. a4 {[%emt 0:01:22]} bxa4 {[%emt 0:00:07]} 69. Kxa4 {[%emt 0:00:01]} Kd5 {[%emt 0:00:10]} 70. Kb3 {[%emt 0:00:08]} Ke4 {[%emt 0:00:05]} 71. Kc2 {[%emt 0:00:10]} Ne2 {[%emt 0:00:11]} 72. Kd2 {[%emt 0:00:14]} Nxf4 {[%emt 0:00:07]} 73. Bb8 {[%emt 0:00:29]} Nd3 {[%emt 0:00:39]} 74. Ke2 {[%emt 0:00:07]} Ne5 {[%emt 0:00:06]} 75. Bxe5 {[%emt 0:00:11]} Kxe5 {[%emt 0:00:04]} 76. Ke3 {[%emt 0:00:06]} f4+ {[%emt 0:00:06]} 77. Kf3 $11 {[%emt 0:00:03]} Kf5 {[%emt 0:00:05]} 78. Kf2 {[%emt 0:00:04]} Ke4 {[%emt 0:00:04]} 79. Ke2 {[%emt 0:00:04]} f3+ {[%emt 0:00:05]} 80. Kf2 {[%emt 0:00:04]} Kf4 {[%emt 0:00:04]} 81. Kf1 {[%emt 0:00:03]} Ke3 {[%emt 0:00:05]} 82. Ke1 {[%emt 0:00:04]} f2+ {[%emt 0:00:04]} 83. Kf1 {[%emt 0:00:03]} Kf3 1/2-1/2

[Event "Schachfestival GM 2018"]
[Site "Lueneburg"]
[Date "2018.07.12"]
[Round "8"]
[White "Winterberg, Lukas"]
[Black "Malakhatko, Vadim"]
[Result "0-1"]
[WhiteElo "2372"]
[BlackElo "2499"]
[Annotator "TA"]
[PlyCount "98"]
[EventDate "2018.07.05"]
[EventType "tourn"]
[EventCountry "GER"]
[SourceTitle "playchess.com"]
[Source "ChessBase"]
[SourceQuality "1"]

{[%evp 20,98,14,25,29,0,22,0,4,0,0,0,0,0,0,-35,24,-183,-178,-158,-71,-109,-82,-136,-21,-21,-20,-20,-20,-20,-24,-24,-20,-23,0,-60,0,0,0,0,0,-66,-65,-72,-72,-72,-70,-65,-57,-287,-283,-287,-273,-495,-513,-514,-514,-1795,-1401,-12837,-6444,-29970,-29971,-29971,-29972,-29972,-29973,-29975,-29974,-29974,-29975,-29976,-29975,-29975,-29976,-29976,-29977,-29977,-29977,-29977,-29977]} 1. d4 e6 2. e4 d5 3. Bd3 dxe4 4. Bxe4 Nf6 5. Bf3 c5 6. Ne2 Nc6 {C01: French: Exchange Variation} 7. Be3 e5 (7... Nd5 8. Bxd5 Qxd5 9. Nbc3 Qxg2 10. Rg1 Qf3 11. Nb5 Rb8 12. dxc5 Bd7 13. Nc7+ Kd8 14. Nb5 {0-1 (54) Kramnik,V (2808)-Caruana,F (2808) Stavanger 2017}) 8. Bxc6+ bxc6 9. dxe5 Qxd1+ 10. Kxd1 Ng4 11. Nd2 {LiveBook: 29 Games} Nxe5 12. h3 Be6 13. f4 $146 ({Predecessor:} 13. Ke1 O-O-O 14. f4 {1-0 (60) Sammed Jaykumar,S (2263)-Saravana,K (2345) Bhubaneswar 2017}) 13... Nd7 14. c4 g6 15. Nc3 Bg7 16. Rc1 O-O-O 17. b3 g5 (17... Rhe8 $15) 18. f5 $2 (18. Nce4 $11 {and White stays safe.} gxf4 19. Bxf4) 18... Bxf5 $19 19. Bxg5 {[#]} Rde8 (19... f6 $142 $1 {[%cal Rf6g5]} 20. Be3 Rhe8) 20. Nf3 {[#]} Ne5 $1 {[%cal Re5d3] Strongly threatening ...Nd3.} 21. Nxe5 ({White should play} 21. Rf1) 21... Bxe5 (21... Rxe5 $17 22. Re1 Rg8) 22. Rf1 $11 Bg6 {And now ...Re6 would win.} 23. Bf6 Rhg8 24. Bxe5 Rxe5 25. Rf2 $1 Rd8+ 26. Rd2 Bd3 {aiming for ...Rf5.} (26... Rg5 {feels hotter.} 27. Rxd8+ Kxd8 28. g4 f5 29. gxf5 Bxf5 30. Kd2 Bxh3 31. Ne4 Re5) 27. Ra1 (27. Nd5 $11) 27... Bf1 (27... Rd4 $1 $15) 28. Kc2 Rxd2+ 29. Kxd2 Bxg2 {[%mdl 4096] Endgame KRB-KRN} 30. Rg1 (30. h4 $1 $11) 30... Bxh3 $15 31. Rg7 h5 {[%cal Bh7h5,Bh5h4,Bh4h3,Bh3h2][%mdl 32]} 32. Rxf7 a5 33. Ra7 Kb8 34. Rxa5 $2 (34. Rh7 $15) 34... Bg4 $19 35. Na4 h4 36. Nxc5 $2 (36. Rxc5 Re2+ 37. Kd3) 36... Re2+ 37. Kd3 h3 38. Nd7+ (38. Na6+ $142 Ka7 39. Nb4+ Kb7 40. Rg5) 38... Bxd7 39. Kxe2 {KR-KB} h2 40. Rh5 Bg4+ {Black mates.} 41. Kf2 Bxh5 {KB-K3P} 42. Kg2 Bg6 43. a3 Bc2 44. b4 Bb3 45. c5 Kc7 46. Kxh2 Kd7 47. Kg3 Ke6 48. Kf4 Kd5 49. Kf5 Ba4 {Precision: White = 32%, Black = 66%.} 0-1